Online Catalogue and eLibrary

Religion : (Record no. 823)

MARC details
000 -LEADER
fixed length control field 00397nam a2200169Ia 4500
005 - DATE AND TIME OF LATEST TRANSACTION
control field 20240722062245.0
008 - FIXED-LENGTH DATA ELEMENTS--GENERAL INFORMATION
fixed length control field 240331s9999 xx 000 0 und d
020 ## - INTERNATIONAL STANDARD BOOK NUMBER
ISBN 0415128978
082 ## - DDC Classification
Class No. 212
Item Number - Author Mark FIR
100 ## - MAIN ENTRY--PERSONAL NAME
Personal name Firth, R
245 #0 - TITLE STATEMENT
Title Religion :
Remainder of title a humanist interpretation
260 ## - PUBLICATION, DISTRIBUTION, ETC.
Place of publication, distribution, etc. London
Name of publisher, distributor, etc. Routledge
Date of publication, distribution, etc. 1996
300 ## - PHYSICAL DESCRIPTION
Extent (e.g. Volumes, Pages etc.) 243 p .,
650 ## - SUBJECT ADDED ENTRY--TOPICAL TERM
Topical term or geographic name entry element Religion
650 ## - SUBJECT ADDED ENTRY--TOPICAL TERM
Topical term or geographic name entry element Politics
942 ## - Koha item type (Biblio)
Koha item type Books in Stacks (Lending)
Holdings
Lost status Damaged status Collection code Home library Current library Shelving location Date acquired Full call number Accession Number Item type
    Lending WERC Library WERC Library Social Science Cupboard 03/31/2024 212 FIR 2411 Books in Stacks (Lending)

© WERC Library